000 00410nam a2200169Ia 4500
003 LK-CoDNM
005 20240731113224.0
008 010623t1885 xxu||||| |||| 00| 1 eng d
040 _aLK-CoDNM
_dLK-CoDNM
_eLK-CoDNM
041 _aeng
080 _a8
_bG18
100 _aCodrington,R.H.
245 _aThe Melanesian Laguages
260 _bOxford
_aLondon
_c1885
300 _bviii, 572p ; 22 cm
942 _cBK
999 _c82619
_d82619